[Event "Paphos op 3rd"]
[Site "Paphos"]
[Date "2025.04.17"]
[Round "9"]
[White "Sevgi, Volkan"]
[Black "Oganian, Miran"]
[Result "0-1"]
[WhiteElo "2329"]
[BlackElo "2418"]
[PlyCount "72"]
[EventDate "2025.04.11"]
[EventType "swiss"]
[EventRounds "9"]
[EventCountry "CYP"]
[SourceTitle "CB18_2025"]
[SourceDate "2025.04.30"]
[SourceVersion "1"]
[SourceVersionDate "2025.04.30"]
[SourceQuality "1"]

1. e4 c5 2. c3 d5 3. exd5 Qxd5 4. d4 g6 5. Nf3 Bg7 6. Na3 cxd4 7. Bc4 Qe4+ 8. Be3 Nh6 9. cxd4 0-0 10. 0-0 Nf5 11. Re1 Nxe3 12. Rxe3 Qf4 13. g3 Qd6 14. Nb5 Qd8 15. Qe1 a6 16. Nc3 b5 17. Bb3 Ra7 18. Ne5 b4 19. Nd5 Be6 20. Nxg6 hxg6 21. Rxe6 fxe6 22. Qxe6+ Kh7 23. Qh3+ Bh6 24. Re1 Nc6 25. Re4 Qd7 26. Re6 Nxd4 27. Rxe7+ Qxe7 28. Nxe7 Nf3+ 29. Kg2 Rxe7 30. Qg4 Ne1+ 31. Kh3 Nd3 32. Qc4 Nxf2+ 33. Kg2 Ne4 34. Bc2 Rf2+ 35. Kh3 Ng5+ 36. Kg4 Rxc2 0-1

[Event "RUS Cup tt"]
[Site "Sochi"]
[Date "2024.12.02"]
[Round "6.12"]
[White "Oganian, Miran"]
[Black "Veselov, Yaroslav"]
[Result "1/2-1/2"]
[WhiteElo "2416"]
[BlackElo "2133"]
[PlyCount "70"]
[EventDate "2024.11.27"]
[EventType "team-swiss"]
[EventRounds "7"]
[EventCountry "RUS"]
[SourceTitle "CB50_2024"]
[SourceDate "2024.11.01"]
[SourceVersion "1"]
[SourceVersionDate "2024.11.01"]
[SourceQuality "2"]
[WhiteTeam "Krasnodarsk Region"]
[BlackTeam "Primakov Gymnasium"]
[WhiteTeamCountry "RUS"]
[BlackTeamCountry "RUS"]

1. d4 Nf6 2. c4 e6 3. Nc3 d5 4. Nf3 c5 5. cxd5 Nxd5 6. e3 Nxc3 7. bxc3 cxd4 8. exd4 Qc7 9. Bd2 Nd7 10. Bd3 Bd6 11. Qe2 b6 12. 0-0 Bb7 13. h3 0-0 14. Rfe1 Rad8 15. Rac1 Rfe8 16. Bb5 Bc6 17. c4 Qb7 18. Bxc6 Qxc6 19. Bc3 Bf4 20. Rc2 Rc8 21. Bd2 Bxd2 22. Qxd2 Red8 23. Rec1 Nf6 24. Qe3 Qd7 25. Qb3 Rc7 26. a4 h6 27. Qb5 Rdc8 28. Kf1 Qd6 29. a5 Qd7 30. Qxd7 Nxd7 31. Ke2 bxa5 32. Kd3 Nb6 33. Nd2 Kf8 34. g3 Ke7 35. Ra2 a4 1/2-1/2

[Event "RUS-ch Rapid"]
[Site "Sochi"]
[Date "2024.10.16"]
[Round "8"]
[White "Lazavik, Denis"]
[Black "Oganian, Miran"]
[Result "1-0"]
[WhiteElo "2578"]
[BlackElo "2416"]
[PlyCount "75"]
[EventDate "2024.10.15"]
[EventType "swiss (rapid)"]
[EventRounds "11"]
[EventCountry "RUS"]
[SourceTitle "CB43_2024"]
[Source "Chessbase"]
[SourceDate "2024.10.23"]
[SourceVersion "1"]
[SourceVersionDate "2024.10.23"]
[SourceQuality "1"]

1. d4 d5 2. c4 e5 3. dxe5 Ne7 4. cxd5 Qxd5 5. Qxd5 Nxd5 6. a3 Nc6 7. Nf3 g6 8. b4 Bg7 9. Bb2 Bg4 10. Nbd2 0-0-0 11. b5 Na5 12. e3 Rhe8 13. Be2 Nb6 14. Rc1 Bxf3 15. Nxf3 Nd7 16. Bc3 Nb3 17. Rc2 Nxe5 18. Bxe5 Bxe5 19. Bc4 Na1 20. Ra2 Bc3+ 21. Ke2 f5 22. Rhxa1 Bxa1 23. Rxa1 Re4 24. Rc1 h6 25. g3 Kb8 26. Rc3 Rd6 27. h4 a6 28. bxa6 bxa6 29. Bd3 Re7 30. h5 gxh5 31. Bxf5 Rd5 32. Bd3 Ka7 33. Rc6 Ra5 34. Rc3 c5 35. Nd2 Rc7 36. f4 Rg7 37. Kf3 Ra4 38. Nc4 1-0

[Event "RUS-ch Rapid"]
[Site "Sochi"]
[Date "2024.10.16"]
[Round "7"]
[White "Oganian, Miran"]
[Black "Khegay, Dmitriy"]
[Result "1/2-1/2"]
[WhiteElo "2416"]
[BlackElo "2507"]
[PlyCount "47"]
[EventDate "2024.10.15"]
[EventType "swiss (rapid)"]
[EventRounds "11"]
[EventCountry "RUS"]
[SourceTitle "CB43_2024"]
[Source "Chessbase"]
[SourceDate "2024.10.23"]
[SourceVersion "1"]
[SourceVersionDate "2024.10.23"]
[SourceQuality "1"]

1. d4 Nf6 2. c4 e6 3. g3 d5 4. Bg2 a6 5. Qc2 Be7 6. Nf3 dxc4 7. a4 Bd7 8. 0-0 Bc6 9. Qxc4 0-0 10. Bg5 Nbd7 11. Nc3 a5 12. Rfd1 h6 13. Bxf6 Nxf6 14. Rac1 Bb4 15. Ne5 Bxg2 16. Kxg2 c6 17. Na2 Bd6 18. Qb3 Rb8 19. Nc4 Bc7 20. Nc3 Qe7 21. Qa3 Qe8 22. Nd6 Qd8 23. Nde4 Nxe4 24. Nxe4 1/2-1/2

[Event "Dubai Police op-A"]
[Site "Dubai"]
[Date "2024.05.10"]
[Round "7"]
[White "Oganian, Miran"]
[Black "Yakubbaeva, Nilufar"]
[Result "1-0"]
[WhiteElo "2434"]
[BlackElo "2285"]
[PlyCount "67"]
[EventDate "2024.05.04"]
[EventType "swiss"]
[EventRounds "9"]
[EventCountry "UAE"]
[SourceTitle "CBM 220 Extra"]
[Source "ChessBase"]
[SourceDate "2024.07.31"]
[SourceVersion "1"]
[SourceVersionDate "2024.07.31"]
[SourceQuality "1"]

1. d4 Nf6 2. c4 e6 3. g3 d5 4. Bg2 Be7 5. Nf3 0-0 6. 0-0 c6 7. Qc2 b6 8. Nbd2 Bb7 9. e4 dxc4 10. Nxc4 Nbd7 11. e5 Nd5 12. Qe4 b5 13. Ncd2 c5 14. Qg4 cxd4 15. Ne4 Kh8 16. Qh5 Nf4 17. Bxf4 Bxe4 18. Nxd4 Bxg2 19. Kxg2 Qb6 20. Rad1 Rac8 21. h4 Kg8 22. Qg4 Rc4 23. Bh6 g6 24. Bxf8 Bxf8 25. b3 Nxe5 26. Qe4 Rc5 27. Nf3 Nxf3 28. Qxf3 Qc7 29. Qa8 Rc2 30. Rd8 Qc5 31. Qf3 Rxa2 32. Qf6 Ra6 33. Rfd1 Ra3 34. R1d7 1-0

[Event "Dubai Police op-A"]
[Site "Dubai"]
[Date "2024.05.08"]
[Round "5"]
[White "Oganian, Miran"]
[Black "Jeet, Jain"]
[Result "1/2-1/2"]
[WhiteElo "2434"]
[BlackElo "2333"]
[PlyCount "61"]
[EventDate "2024.05.04"]
[EventType "swiss"]
[EventRounds "9"]
[EventCountry "UAE"]
[SourceTitle "CBM 220 Extra"]
[Source "ChessBase"]
[SourceDate "2024.07.31"]
[SourceVersion "1"]
[SourceVersionDate "2024.07.31"]
[SourceQuality "1"]

1. d4 Nf6 2. c4 e6 3. Nc3 d5 4. Nf3 Be7 5. Bf4 0-0 6. e3 c5 7. dxc5 Bxc5 8. cxd5 Nxd5 9. Nxd5 exd5 10. Bd3 Bb4+ 11. Nd2 d4 12. e4 Na6 13. 0-0 Nc5 14. Nb3 Be6 15. Nxc5 Bxc5 16. e5 Qb6 17. Qh5 g6 18. Qe2 Bd5 19. Bg5 Rfe8 20. Bf6 Be7 21. Bxe7 Rxe7 22. f4 f6 23. Rae1 fxe5 24. fxe5 Rae8 25. b3 Qc7 26. Qg4 Rxe5 27. Rxe5 Qxe5 28. Bxg6 hxg6 29. Qxg6+ Kh8 30. Qh6+ Kg8 31. Qg6+ 1/2-1/2

[Event "Dubai Police op-A"]
[Site "Dubai"]
[Date "2024.05.07"]
[Round "4"]
[White "Aaryan, Varshney"]
[Black "Oganian, Miran"]
[Result "1-0"]
[WhiteElo "2364"]
[BlackElo "2434"]
[PlyCount "119"]
[EventDate "2024.05.04"]
[EventType "swiss"]
[EventRounds "9"]
[EventCountry "UAE"]
[SourceTitle "CBM 220 Extra"]
[Source "ChessBase"]
[SourceDate "2024.07.31"]
[SourceVersion "1"]
[SourceVersionDate "2024.07.31"]
[SourceQuality "1"]

1. d4 d5 2. c4 e5 3. dxe5 Ne7 4. cxd5 Qxd5 5. Qxd5 Nxd5 6. a3 Nc6 7. Nf3 g6 8. e4 Nb6 9. Bb5 Bd7 10. Nc3 Bg7 11. Bf4 0-0-0 12. 0-0-0 Rde8 13. Nd5 Bg4 14. Rd3 Bxf3 15. Rxf3 Re6 16. Rd1 Nd7 17. Bxc6 bxc6 18. Nc3 Bxe5 19. Bxe5 Nxe5 20. Rg3 Rf6 21. f3 h6 22. h4 Rd8 23. Rxd8+ Kxd8 24. Ne2 Rd6 25. f4 Nd3+ 26. Kc2 Ne1+ 27. Kc3 c5 28. b3 Ke7 29. b4 cxb4+ 30. axb4 Rc6+ 31. Kd2 Nc2 32. Rb3 a6 33. g3 h5 34. Kd3 Ne1+ 35. Ke3 Nc2+ 36. Kd2 Kf8 37. Kd3 Ne1+ 38. Ke3 Nc2+ 39. Kd2 Ke7 40. Kd3 Ne1+ 41. Ke3 Nc2+ 42. Kd2 Kf8 43. e5 Ke7 44. Kd3 Ne1+ 45. Ke3 Nc2+ 46. Kd2 Kf8 47. Kd3 Ne1+ 48. Ke4 Rc2 49. Nd4 Rc1 50. Rb2 Rc3 51. Ra2 Rxg3 52. Rxa6 Nd3 53. f5 Nxb4 54. Ra8+ Kg7 55. f6+ Kh7 56. e6 Rg4+ 57. Kf3 Nd5 58. exf7 Rf4+ 59. Ke2 Rxf6 60. f8Q 1-0

[Event "Dubai Police op-A"]
[Site "Dubai"]
[Date "2024.05.05"]
[Round "2"]
[White "Daaevik, Wadhawan"]
[Black "Oganian, Miran"]
[Result "1/2-1/2"]
[WhiteElo "2364"]
[BlackElo "2434"]
[PlyCount "134"]
[EventDate "2024.05.04"]
[EventType "swiss"]
[EventRounds "9"]
[EventCountry "UAE"]
[SourceTitle "CBM 220 Extra"]
[Source "ChessBase"]
[SourceDate "2024.07.31"]
[SourceVersion "1"]
[SourceVersionDate "2024.07.31"]
[SourceQuality "1"]

1. d4 Nf6 2. c4 e6 3. Nf3 d5 4. Nc3 dxc4 5. e4 Bb4 6. Bxc4 Nxe4 7. 0-0 Nxc3 8. bxc3 Bd6 9. Ng5 h6 10. Qh5 0-0 11. Ne4 Nd7 12. Re1 Nf6 13. Qf3 Nxe4 14. Qxe4 Rb8 15. Bd3 f5 16. Qf3 b5 17. Rb1 a6 18. Bf4 Bb7 19. Qg3 Bxf4 20. Qxf4 Bd5 21. f3 Qd6 22. Qd2 c5 23. Bf1 cxd4 24. Qxd4 Qa3 25. Qb4 Qxb4 26. cxb4 Rfc8 27. Ra1 Rc2 28. a4 bxa4 29. Rxa4 Rb2 30. Bxa6 Bb3 31. Ra3 Rxb4 32. Bc8 Bd5 33. Rae3 Rc2 34. Bxe6+ Bxe6 35. Rxe6 Rbb2 36. Rg6 Kf7 37. Rg3 g5 38. Rf1 Kf6 39. f4 g4 40. h3 h5 41. h4 Re2 42. Rd1 Rb4 43. Rf1 Ke6 44. Ra3 Rbb2 45. Rg3 Rbd2 46. Ra1 Rd4 47. Rf1 Kd5 48. Ra1 Ke4 49. Rf1 Rdd2 50. Kh2 Rc2 51. Kg1 Rcd2 52. Kh2 Rf2 53. Rxf2 Rxf2 54. Ra3 Kxf4 55. Ra4+ Ke3 56. Ra3+ Kd4 57. Ra4+ Ke3 58. Ra3+ Ke4 59. Ra4+ Ke5 60. Ra5+ Ke4 61. Ra4+ Ke5 62. Ra5+ Kf6 63. Ra6+ Kf7 64. Ra7+ Ke6 65. Ra6+ Ke7 66. Ra7+ Kd6 67. Ra6+ Ke5 1/2-1/2

[Event "Titled Tuesday intern op 30th Jan Early"]
[Site "Chess.com INT"]
[Date "2024.01.30"]
[Round "8"]
[White "Bluebaum, Matthias"]
[Black "Oganian, Miran"]
[Result "1/2-1/2"]
[WhiteElo "2655"]
[BlackElo "2434"]
[PlyCount "304"]
[EventDate "2024.01.30"]
[EventType "swiss (blitz)"]
[EventRounds "11"]
[EventCountry "USA"]
[SourceTitle "EXT 2025"]
[Source "ChessBase"]
[SourceDate "2024.10.14"]
[SourceVersion "1"]
[SourceVersionDate "2024.10.14"]
[SourceQuality "1"]

1. d4 e6 2. c4 d5 3. Nc3 a6 4. e4 dxc4 5. Bxc4 b5 6. Bb3 Bb7 7. d5 exd5 8. Bxd5 Bxd5 9. exd5 Nf6 10. Bg5 Be7 11. Nf3 0-0 12. 0-0 b4 13. Na4 Nxd5 14. Bxe7 Nxe7 15. Rc1 Nbc6 16. Qb3 Qd6 17. Rfd1 Qf6 18. h3 Rfd8 19. Nc5 a5 20. Nd7 Qe6 21. Qxe6 fxe6 22. Ng5 h6 23. Nxe6 Rdc8 24. Nd4 Nxd4 25. Rxd4 Ra6 26. Nc5 Rd6 27. Rdc4 Rd2 28. R4c2 Rxc2 29. Rxc2 Rd8 30. Ne6 Rd1+ 31. Kh2 c6 32. b3 Ra1 33. Nc5 Nd5 34. Nb7 Nc3 35. Nxa5 c5 36. Nb7 c4 37. bxc4 Nxa2 38. c5 Nc3 39. c6 Nd5 40. Nc5 Ra3 41. Ne6 Rc3 42. Rxc3 bxc3 43. Nd4 Kf7 44. Kg3 Ke7 45. Kf3 Kd6 46. Ke4 Nb4 47. Nb5+ Kxc6 48. Nxc3 Kd7 49. Kf5 Ke8 50. Ke4 Kf7 51. Nd5 Nc6 52. Ne3 Na5 53. Kd5 Nb3 54. Nc4 Nc1 55. Ne5+ Kf8 56. Kc4 Ne2 57. Nd3 Kf7 58. Kd5 Kf6 59. Ke4 Nc3+ 60. Kd4 Ne2+ 61. Ke3 Nc3 62. Nf4 g5 63. Ne2 Nd5+ 64. Ke4 Ne7 65. Nd4 Nc8 66. Nf5 Kg6 67. g4 Nb6 68. Ke5 Nc4+ 69. Kd4 Nd2 70. Ke3 Nc4+ 71. Kd3 Ne5+ 72. Ke4 Nc4 73. Ng3 Nd2+ 74. Ke3 Nc4+ 75. Kd4 Nd2 76. Ke3 Nc4+ 77. Kd3 Ne5+ 78. Ke4 Nc4 79. Ne2 Nd2+ 80. Ke3 Nc4+ 81. Kd3 Ne5+ 82. Ke4 Nc4 83. f4 gxf4 84. Kxf4 Nb6 85. Nc3 Nc4 86. Nd5 Nb2 87. Ne7+ Kg7 88. Nf5+ Kg6 89. h4 Nd3+ 90. Ke4 Nf2+ 91. Kf3 Nd3 92. Ke3 Ne5 93. Kf4 Nd3+ 94. Ke4 Nf2+ 95. Kf3 Nd3 96. Ng3 Ne5+ 97. Kf4 Nd3+ 98. Ke4 Nf2+ 99. Kf3 Nd3 100. Ne2 Ne5+ 101. Kf4 Nd3+ 102. Ke4 Nc5+ 103. Kd4 Nb3+ 104. Ke5 Nd2 105. Nf4+ Kg7 106. Ne6+ Kg6 107. h5+ Kf7 108. Kf5 Nf3 109. Nd8+ Kg7 110. Kf4 Nd4 111. Ke4 Nb5 112. Ke5 Nc3 113. Ne6+ Kf7 114. Nd8+ Kg7 115. Nc6 Nd1 116. Ne7 Nf2 117. Nf5+ Kh7 118. Kf4 Nd3+ 119. Ke4 Nf2+ 120. Kf3 Nd3 121. Nh4 Ne5+ 122. Kf4 Nd3+ 123. Kf5 Kg7 124. Ke6 Nf2 125. Nf5+ Kh7 126. Ne3 Kg7 127. Ke7 Nd3 128. Nf5+ Kh7 129. Kf6 Nf2 130. Ne3 Ne4+ 131. Kf7 Nd6+ 132. Ke7 Ne4 133. Nd5 Ng5 134. Kf6 Ne4+ 135. Kf7 Ng5+ 136. Kf8 Ne6+ 137. Ke7 Ng5 138. Nf4 Ne4 139. Nd5 Nf2 140. Nf6+ Kg7 141. Ke6 Nd3 142. Ne8+ Kh7 143. Kf7 Ne5+ 144. Kf6 Nxg4+ 145. Kf5 Ne3+ 146. Ke6 Nf1 147. Nf6+ Kg7 148. Ne8+ Kf8 149. Nf6 Ng3 150. Ke5 Kf7 151. Ng4 Kg7 152. Nxh6 Nxh5 1/2-1/2

[Event "Titled Tuesday intern op 30th Jan Early"]
[Site "Chess.com INT"]
[Date "2024.01.30"]
[Round "10"]
[White "Brodsky, David"]
[Black "Oganian, Miran"]
[Result "1-0"]
[WhiteElo "2492"]
[BlackElo "2434"]
[PlyCount "91"]
[EventDate "2024.01.30"]
[EventType "swiss (blitz)"]
[EventRounds "11"]
[EventCountry "USA"]
[SourceTitle "EXT 2025"]
[Source "ChessBase"]
[SourceDate "2024.10.14"]
[SourceVersion "1"]
[SourceVersionDate "2024.10.14"]
[SourceQuality "1"]

1. e4 e6 2. d4 d5 3. e5 c5 4. c3 Nc6 5. Nf3 Nh6 6. Bd3 cxd4 7. cxd4 Nf5 8. Bxf5 exf5 9. 0-0 Be6 10. Nc3 Be7 11. a3 g5 12. b4 h6 13. Na4 b6 14. Bb2 Rc8 15. Rc1 Qd7 16. Qd3 0-0 17. Nc3 f4 18. Qd2 Bg4 19. Ne1 Nd8 20. f3 Bf5 21. g4 fxg3 22. hxg3 Ne6 23. Ng2 Rc4 24. Nxd5 Rxc1 25. Nxe7+ Qxe7 26. Rxc1 Rd8 27. Ne3 Bg6 28. d5 h5 29. d6 Qd7 30. Nd5 Qa4 31. f4 Qb3 32. Rc3 Qa2 33. Kh2 h4 34. f5 Nd4 35. fxg6 Qxd5 36. gxf7+ Kf8 37. Qf2 h3 38. Rd3 Qxe5 39. Bxd4 Qe4 40. Qf3 Qe1 41. Bf2 Qf1 42. Bd4 Qe1 43. Bf6 Rd7 44. Be7+ Kg7 45. f8Q+ Kg6 46. Q3f6+ 1-0

[Event "Titled Tuesday intern op 30th Jan Late"]
[Site "Chess.com INT"]
[Date "2024.01.30"]
[Round "11"]
[White "Hakobyan, Aram"]
[Black "Oganian, Miran"]
[Result "1-0"]
[WhiteElo "2619"]
[BlackElo "2434"]
[PlyCount "77"]
[EventDate "2024.01.30"]
[EventType "swiss (blitz)"]
[EventRounds "11"]
[EventCountry "USA"]
[SourceTitle "EXT 2025"]
[Source "ChessBase"]
[SourceDate "2024.10.14"]
[SourceVersion "1"]
[SourceVersionDate "2024.10.14"]
[SourceQuality "1"]

1. d4 e6 2. c4 d5 3. Nc3 a6 4. Nf3 dxc4 5. e4 b5 6. a4 b4 7. Ne2 Bb7 8. Ng3 Nf6 9. Bg5 Be7 10. e5 Nd5 11. Bxe7 Qxe7 12. Bxc4 0-0 13. 0-0 Nd7 14. Rc1 c5 15. Ne4 cxd4 16. Qxd4 Rfd8 17. Rfd1 h6 18. Bf1 a5 19. Bb5 Rac8 20. Rxc8 Rxc8 21. Nd6 Rc7 22. Nxb7 Rxb7 23. Bc6 Rc7 24. Bxd5 exd5 25. Qxd5 Rc5 26. Qa8+ Kh7 27. Qa7 Qe6 28. h3 Rd5 29. Rxd5 Qxd5 30. Qc7 Nf8 31. Qd6 Qb3 32. Qxf8 Qxb2 33. Qxf7 b3 34. e6 Qb1+ 35. Kh2 b2 36. Ng5+ hxg5 37. Qh5+ Kg8 38. e7 g6 39. e8Q+ 1-0

[Event "Titled Tuesday intern op 30th Jan Late"]
[Site "Chess.com INT"]
[Date "2024.01.30"]
[Round "4"]
[White "Nguyen, Ngoc Truong Son"]
[Black "Oganian, Miran"]
[Result "0-1"]
[WhiteElo "2633"]
[BlackElo "2434"]
[PlyCount "76"]
[EventDate "2024.01.30"]
[EventType "swiss (blitz)"]
[EventRounds "11"]
[EventCountry "USA"]
[SourceTitle "EXT 2025"]
[Source "ChessBase"]
[SourceDate "2024.10.14"]
[SourceVersion "1"]
[SourceVersionDate "2024.10.14"]
[SourceQuality "1"]

1. d4 d5 2. c4 e6 3. Nc3 a6 4. cxd5 exd5 5. Bf4 Nf6 6. e3 c6 7. Bd3 Bd6 8. Qf3 Bxf4 9. Qxf4 Nbd7 10. Nf3 0-0 11. g4 Re8 12. g5 Ne4 13. Bxe4 dxe4 14. Nd2 Nf8 15. Ndxe4 Ng6 16. Qd6 Qb6 17. 0-0-0 Bg4 18. h4 Bxd1 19. Rxd1 Rad8 20. Qg3 c5 21. Nxc5 Qc6 22. Nd3 b5 23. h5 Nf8 24. Kb1 a5 25. Ne5 Qe6 26. h6 b4 27. Ne4 Qf5 28. f3 Rxe5 29. hxg7 Ne6 30. Qh4 Rxe4 31. fxe4 Qxg5 32. Qh3 Qg6 33. Qh4 Ng5 34. Ka1 Rc8 35. e5 a4 36. d5 Qc2 37. Rb1 Nf3 38. Qxb4 Nd2 0-1

[Event "Titled Tuesday intern op 30th Jan Early"]
[Site "Chess.com INT"]
[Date "2024.01.30"]
[Round "1"]
[White "Oganian, Miran"]
[Black "Vujacic, Igor"]
[Result "0-1"]
[WhiteElo "2434"]
[BlackElo "2050"]
[PlyCount "188"]
[EventDate "2024.01.30"]
[EventType "swiss (blitz)"]
[EventRounds "11"]
[EventCountry "USA"]
[SourceTitle "EXT 2025"]
[Source "ChessBase"]
[SourceDate "2024.10.14"]
[SourceVersion "1"]
[SourceVersionDate "2024.10.14"]
[SourceQuality "1"]

1. e4 c5 2. Nf3 Nc6 3. c3 Nf6 4. e5 Nd5 5. d4 cxd4 6. cxd4 d6 7. Bc4 dxe5 8. Bxd5 Qxd5 9. Nc3 Qd6 10. d5 Nd4 11. Nxd4 exd4 12. Qxd4 e5 13. Qd3 Bd7 14. 0-0 Be7 15. f4 0-0 16. fxe5 Qxe5 17. Bf4 Bc5+ 18. Kh1 Qh5 19. Qg3 Qg6 20. Qxg6 hxg6 21. Ne4 Bd4 22. Rad1 Bxb2 23. Rb1 Bf5 24. Rxb2 Bxe4 25. d6 Bc6 26. h3 Rfe8 27. Rbf2 f6 28. Kh2 Rad8 29. Rd2 Kf7 30. Rfd1 Re4 31. Bg3 Rd7 32. Bf2 a6 33. Bg3 g5 34. Rf2 Kg6 35. Rdf1 Re6 36. Kg1 Bb5 37. Rc1 Bc6 38. Rc5 Re1+ 39. Kh2 Re4 40. a3 Rd8 41. Ra5 Rde8 42. Rc5 Re2 43. Rc2 Rxf2 44. Rxf2 Kf7 45. Rd2 Ke6 46. Kg1 Kd7 47. h4 gxh4 48. Bxh4 Re3 49. Kh2 Rxa3 50. Bg3 Re3 51. Rd4 Re6 52. Rh4 Re8 53. Rh7 Rg8 54. Rh4 a5 55. Rh5 b6 56. Rh4 b5 57. Rh5 a4 58. Be1 a3 59. Rh3 Ra8 60. Bc3 b4 61. Bxb4 a2 62. Bc3 a1Q 63. Bxa1 Rxa1 64. Rh7 Kxd6 65. Rxg7 Rf1 66. Rg8 Ke6 67. Rc8 Bd5 68. Rc2 Re1 69. Rd2 Re5 70. Rb2 Rh5+ 71. Kg3 Rg5+ 72. Kh3 Ke5 73. g3 Rh5+ 74. Kg4 Rg5+ 75. Kh4 Be4 76. Rb5+ Bd5 77. g4 Rg8 78. Rb6 Be6 79. Rb5+ Kd6 80. g5 f5 81. Kh5 f4 82. g6 f3 83. Rb2 Ke5 84. Kh6 Bf5 85. g7 Kf6 86. Rb6+ Be6 87. Rb7 f2 88. Rb1 Rxg7 89. Rf1 Rg2 90. Kh5 Bc4 91. Rd1 Rh2+ 92. Kg4 f1Q 93. Rxf1+ Bxf1 94. Kg3 Re2 0-1

[Event "Titled Tuesday intern op 30th Jan Late"]
[Site "Chess.com INT"]
[Date "2024.01.30"]
[Round "10"]
[White "So, Wesley"]
[Black "Oganian, Miran"]
[Result "1-0"]
[WhiteElo "2757"]
[BlackElo "2434"]
[PlyCount "105"]
[EventDate "2024.01.30"]
[EventType "swiss (blitz)"]
[EventRounds "11"]
[EventCountry "USA"]
[SourceTitle "EXT 2025"]
[Source "ChessBase"]
[SourceDate "2024.10.14"]
[SourceVersion "1"]
[SourceVersionDate "2024.10.14"]
[SourceQuality "1"]

1. d4 d5 2. c4 e6 3. Nc3 a6 4. cxd5 exd5 5. Nf3 Nf6 6. Bg5 c6 7. e3 Nbd7 8. Bd3 Be7 9. 0-0 0-0 10. h3 Re8 11. Bf4 Nf8 12. Bh2 Ng6 13. Ne5 Nf8 14. Qc2 N6d7 15. Nf3 Nf6 16. Rae1 Bd6 17. Ne5 Bxe5 18. Bxe5 Ng6 19. Bh2 Be6 20. Na4 Ne4 21. f3 Nd6 22. Nc5 Bc8 23. Kh1 b6 24. Na4 Nc4 25. e4 Be6 26. e5 c5 27. dxc5 bxc5 28. f4 Bd7 29. Nxc5 Rc8 30. Nxd7 Qxd7 31. Bf5 Qb5 32. Bxc8 Ne3 33. Qc1 Nxf1 34. Rxf1 Nh4 35. Bg4 g6 36. Bg3 h5 37. Bxh4 hxg4 38. hxg4 Kh7 39. Bf6 Rc8 40. Qe1 Kg8 41. Kh2 Rc2 42. e6 Re2 43. e7 Rxe1 44. Rxe1 Qe8 45. Kg3 g5 46. fxg5 d4 47. Bxd4 f5 48. gxf5 a5 49. a4 Kf7 50. Kf2 Kg8 51. g6 Qd7 52. e8Q+ Qxe8 53. Rxe8# 1-0

[Event "Titled Tuesday intern op 30th Jan Early"]
[Site "Chess.com INT"]
[Date "2024.01.30"]
[Round "4"]
[White "Zheenbekov, Nurgazi"]
[Black "Oganian, Miran"]
[Result "0-1"]
[WhiteElo "2137"]
[BlackElo "2434"]
[PlyCount "62"]
[EventDate "2024.01.30"]
[EventType "swiss (blitz)"]
[EventRounds "11"]
[EventCountry "USA"]
[SourceTitle "EXT 2025"]
[Source "ChessBase"]
[SourceDate "2024.10.14"]
[SourceVersion "1"]
[SourceVersionDate "2024.10.14"]
[SourceQuality "1"]

1. d4 e6 2. Nf3 Nf6 3. c4 d5 4. g3 dxc4 5. Bg2 a6 6. 0-0 b5 7. Ne5 Ra7 8. a4 Bb7 9. axb5 Bxg2 10. Kxg2 h5 11. h4 Qd5+ 12. Kg1 Qxb5 13. Nc3 Qb3 14. Qd2 Bb4 15. e3 g5 16. hxg5 Ne4 17. Qe2 Bxc3 18. Ra3 Qb7 19. bxc3 Nxg5 20. e4 Qxe4 21. Re1 Qxe2 22. Rxe2 Rg8 23. Nxc4 h4 24. Kg2 h3+ 25. Kh2 Nf3+ 26. Kh1 Rb7 27. Ra1 Nd7 28. Bf4 Nf6 29. Re3 Ng5 30. Rxa6 Rb1+ 31. Kh2 Ng4# 0-1

[Event "Titled Tuesday intern op 02nd Jan Early"]
[Site "Chess.com INT"]
[Date "2024.01.02"]
[Round "9"]
[White "Galchenko, Matvey"]
[Black "Oganian, Miran"]
[Result "1/2-1/2"]
[WhiteElo "2438"]
[BlackElo "2434"]
[PlyCount "323"]
[EventDate "2024.01.02"]
[EventType "swiss (blitz)"]
[EventRounds "11"]
[EventCountry "USA"]
[SourceTitle "EXT 2025"]
[Source "ChessBase"]
[SourceDate "2024.10.14"]
[SourceVersion "1"]
[SourceVersionDate "2024.10.14"]
[SourceQuality "1"]

1. e4 e6 2. d4 d5 3. e5 c5 4. c3 Nc6 5. Nf3 Nh6 6. a3 Nf5 7. dxc5 Bxc5 8. b4 Bb6 9. Bd3 Nh4 10. Nxh4 Qxh4 11. Qe2 Bd7 12. Nd2 h6 13. Nf3 Qe7 14. a4 a6 15. Ba3 Qd8 16. 0-0 Rc8 17. b5 axb5 18. axb5 Na5 19. Bb4 Nc4 20. Nd4 Bc5 21. Bxc5 Rxc5 22. f4 g6 23. Rf3 Nb6 24. f5 gxf5 25. Bxf5 Qc7 26. Bc2 Rxc3 27. Raf1 Rxf3 28. Qxf3 Rf8 29. Qf4 Kd8 30. Qxh6 Qc5 31. Qf4 Bxb5 32. Rb1 Bd7 33. h4 Kc7 34. h5 Rh8 35. h6 Rxh6 36. Qxh6 Qxd4+ 37. Kh1 Qxe5 38. Qd2 Nc4 39. Qb4 b6 40. Bd3 Qd4 41. Bxc4 Qh4+ 42. Kg1 Qd4+ 43. Kh1 dxc4 44. Rc1 Qh4+ 45. Kg1 Qd4+ 46. Kh1 b5 47. Qa5+ Qb6 48. Qd2 e5 49. Qe1 Qd4 50. Rd1 Qf4 51. Rd2 Bc6 52. Rf2 Qh4+ 53. Kg1 Qd4 54. Kh1 f6 55. Rxf6 Qe4 56. Rf7+ Kd6 57. Qd2+ Ke6 58. Rf2 Qh4+ 59. Kg1 Qd4 60. Qh6+ Kd5 61. Qf6 c3 62. Qf7+ Kc5 63. Qe7+ Kc4 64. Qf7+ Bd5 65. Qc7+ Qc5 66. Qh7 e4 67. Qg7 b4 68. Qf6 b3 69. Qa6+ Qb5 70. Qc8+ Qc6 71. Qb8 b2 72. Rxb2 cxb2 73. Qxb2 Qc5+ 74. Kh2 Qc7+ 75. Kg1 Qc5+ 76. Kh2 Qd4 77. Qc2+ Qc3 78. Qa4+ Kd3 79. Qd1+ Qd2 80. Qb1+ Qc2 81. Qf1+ Kd4 82. Qf6+ Kc4 83. Qa6+ Kd4 84. Qb6+ Qc5 85. Qb2+ Kd3 86. Qb1+ Qc2 87. Qf1+ Ke3 88. Qg1+ Qf2 89. Qc1+ Qd2 90. Qg1+ Kd3 91. Qf1+ Kc2 92. Qf5 Qh6+ 93. Kg1 Qd2 94. Kh2 Kc1 95. Qf1+ Kb2 96. Qf6+ Kb1 97. Qb6+ Ka2 98. Qa7+ Kb3 99. Qb6+ Qb4 100. Qe3+ Ka4 101. Qa7+ Kb5 102. Qb8+ Kc5 103. Qf8+ Kc4 104. Qf1+ Kb3 105. Qb1+ Ka4 106. Qd1+ Qb3 107. Qd4+ Bc4 108. Qa7+ Kb4 109. Qe7+ Ka4 110. Qa7+ Kb4 111. Qe7+ Kc3 112. Qxe4 Qb8+ 113. Kg1 Qb6+ 114. Kh2 Qh6+ 115. Kg1 Qc1+ 116. Kh2 Qh6+ 117. Kg3 Qg5+ 118. Qg4 Qe5+ 119. Qf4 Qg7+ 120. Kh2 Qh7+ 121. Kg1 Bd5 122. Qe5+ Kc4 123. Qf4+ Kc5 124. Qe3+ Kc6 125. Qc3+ Kd6 126. Qa3+ Kc6 127. Qa6+ Kc5 128. Qa5+ Kd4 129. Qd2+ Kc5 130. Qc3+ Kd6 131. Qf6+ Kc5 132. Qf8+ Kc4 133. Qf4+ Kb5 134. Qf1+ Kb6 135. Qf2+ Kb7 136. Qb2+ Kc8 137. Qc3+ Kd7 138. Qd2 Qb1+ 139. Kf2 Qe4 140. Kg1 Qb1+ 141. Kf2 Qe4 142. Kg1 Kd6 143. Qh6+ Kc5 144. Qc1+ Kb5 145. Qb2+ Kc6 146. Qc3+ Kd7 147. Qg7+ Kc8 148. Qf8+ Kb7 149. Qf2 Qb1+ 150. Kh2 Qh7+ 151. Kg1 Qh5 152. Qb2+ Kc6 153. Qc3+ Kd7 154. Qd2 Qe5 155. Qf2 Bc4 156. Qa7+ Kc6 157. Qa8+ Kc5 158. Qa5+ Bb5 159. Qa3+ Kb6 160. Qc1 Qd4+ 161. Kh2 Qh4+ 162. Kg1 1/2-1/2

[Event "Titled Tuesday intern op 02nd Jan Early"]
[Site "Chess.com INT"]
[Date "2024.01.02"]
[Round "3"]
[White "Oganian, Miran"]
[Black "Borda Rodas, Anapaola S"]
[Result "1-0"]
[WhiteElo "2434"]
[BlackElo "2241"]
[PlyCount "39"]
[EventDate "2024.01.02"]
[EventType "swiss (blitz)"]
[EventRounds "11"]
[EventCountry "USA"]
[SourceTitle "EXT 2025"]
[Source "ChessBase"]
[SourceDate "2024.10.14"]
[SourceVersion "1"]
[SourceVersionDate "2024.10.14"]
[SourceQuality "1"]

1. e4 e5 2. Nf3 Nc6 3. Nc3 Nf6 4. d4 exd4 5. Nxd4 Bb4 6. Nxc6 bxc6 7. Bd3 d5 8. exd5 cxd5 9. 0-0 0-0 10. h3 Rb8 11. Qf3 Rb6 12. Ne2 Bb7 13. Nd4 c5 14. Nf5 c4 15. c3 d4 16. Qf4 Nd5 17. Qxd4 Rg6 18. Be4 Ba5 19. Bxd5 Qxd5 20. Ne7+ 1-0